Score 0/12 Timer 02:00
3 Plays Today
% Correct
noon
82.5%
need
74.1%
nill
58.8%
naan
56.5%
null
54.8%
neep
53.5%
nook
51.8%
neem
47.2%
ness
45.6%
nett
32.5%
naff
29.2%
nogg
13.5%

You're not logged in!

Compare scores with friends on all Sporcle quizzes.
OR
Log In

Sporcle TV

Today on Sporcle TV


Watch our educational content, quiz creation guides, and fun videos on Sporcle TV.

Show Comments

Extras

Top Quizzes Today


Score Distribution

Paid Content

Your Account Isn't Verified!

In order to create a playlist on Sporcle, you need to verify the email address you used during registration. Go to your Sporcle Settings to finish the process.

Report this User

Report this user for behavior that violates our Community Guidelines.

Details: